000 00334nam a2200145Ia 4500
008 230718s9999 xx 000 0 und d
041 _aEng.
082 _a34254
_bREH-G
100 _aRehman Raiz Abdul
245 0 _aGeneral election law
260 _aPakistan
_bPunjab law book
_c"
300 _a397
650 _aLaw
999 _c28133
_d28133